El posimpresionismo / (Record no. 184359)

MARC details
000 -LEADER
campo de control de longitud fija 00870nam a2200277 i 4500
001 - NÚMERO DE CONTROL
campo de control 184359
003 - IDENTIFICADOR DE NÚMERO DE CONTROL
campo de control ES-MaACL
005 - FECHA Y HORA DE LA ÚLTIMA TRANSACCIÓN
campo de control 20230906222155.0
008 - DATOS DE LONGITUD FIJA--INFORMACIÓN GENERAL
campo de control de longitud fija 150626s1968 sp ao |||| |dspa d
080 ## - NÚMERO DE LA CLASIFICACIÓN DECIMAL UNIVERSAL
Número de la Clasificación Decimal Universal 75.036.4
100 1# - ENTRADA PRINCIPAL--NOMBRE DE PERSONA
Nombre de persona Jalard, Michel-Claude.
9 (RLIN) 65944
245 13 - MENCIÓN DEL TÍTULO
Título El posimpresionismo /
Mención de responsabilidad, etc. Michel-Claude Jalard.
260 ## - PUBLICACIÓN, DISTRIBUCIÓN, ETC.
Lugar de publicación, distribución, etc. Madrid :
Nombre del editor, distribuidor, etc. Aguilar,
Fecha de publicación, distribución, etc. 1968.
300 ## - DESCRIPCIÓN FÍSICA
Extensión 207 p. :
Otras características físicas il. col. y n. ;
Dimensiones 27 cm.
490 1# - MENCIÓN DE SERIE
Mención de serie Historia general de la pintura ;
Designación de volumen o secuencia 18
500 ## - NOTA GENERAL
Nota general Cronología.
500 ## - NOTA GENERAL
Nota general Índice.
504 ## - NOTA DE BIBLIOGRAFÍA, ETC.
Nota de bibliografía, etc. Bibliografía: p. 204.
650 04 - PUNTO DE ACCESO ADICIONAL DE MATERIA--TÉRMINO DE MATERIA
Término de materia o nombre geográfico como elemento de entrada Postimpresionismo (Arte)
9 (RLIN) 161991
650 #4 - PUNTO DE ACCESO ADICIONAL DE MATERIA--TÉRMINO DE MATERIA
Término de materia o nombre geográfico como elemento de entrada Pintura-
Subdivisión general S.XX.
9 (RLIN) 16010
740 32 - ENTRADA AGREGADA--TÍTULO RELACIONADO/ANALÍTICO NO CONTROLADO
Título relacionado o analítico no controlado El postimpresionismo.
830 0# - PUNTO DE ACCESO ADICIONAL DE SERIE-TÍTULO UNIFORME
Título uniforme Historia general de la pintura ;
Designación de volumen o secuencia 18
9 (RLIN) 192109
852 ## - LOCALIZACIÓN
Ubicación ES-MaACL
Número de control de estantería E-15662
Nota libre . - enc. cart.
852 ## - LOCALIZACIÓN
Ubicación ES-MaACL
Número de control de estantería E-5826
Nota libre . - enc. cart.
Holdings
Estatus retirado Estado de pérdida Estado de daño No para préstamo Biblioteca de origen Biblioteca actual Ubicación en estantería Fecha de adquisición Fuente de adquisición Total de préstamos Signatura topográfica completa Código de barras Visto por última vez Precio de reemplazo Tipo de ítem Koha
        Biblioteca del Ateneo de Madrid Biblioteca del Ateneo de Madrid Depósito 2 26/06/2015     E-15662 1193963 23/02/2023 23/02/2023 Libro impreso
        Biblioteca del Ateneo de Madrid Biblioteca del Ateneo de Madrid Depósito 2 31/08/2015     E-5826 1194108 23/02/2023 23/02/2023 Libro impreso